000
00345nam a22001457a 4500
008
211014b ||||| |||| 00| 0 eng d
020
_a
0070721211
041
_a
eng
080
_a
330.722.6
082
_a
330.722.6
100
_a
61
101
_a
KF
245
_a
Accounting Information Systems Theory and Practice
_c
Wu,F.H
942
_2
udc
_c
BK
999
_c
58221
_d
58221